| 000 | 02485nam a2200289Ia 4500 | ||
|---|---|---|---|
| 999 |
_c51931 _d51931 |
||
| 001 | 18931 | ||
| 003 | GE_BSU | ||
| 005 | 20220920160457.0 | ||
| 008 | 181216s2008||||ge |||||||||||||| ||geo|| | ||
| 040 | _cGE_BSU | ||
| 041 | _ageo | ||
| 080 | _a63 მ-95 | ||
| 100 |
_aმუხაშავრია, შორენა _910473 |
||
| 245 |
_aქიმიური მელიორანტების ხანგრძლივი გამოყენების შედარებითი ეფექტიანობა წითელმიწა ნიადაგების ნაყოფიერებაზე და ლიმონ "მეიერის" ხის მოსავლიანობაზე : დისერტაცია / _cშ. მუხაშავრია; სამეცნიერო ხელმძღვანელი ბ. გოძიაშვილი ; ბათუმის შოთა რუსთაველის სახელმწიფო უნივერსიტეტი. |
||
| 264 |
_aბათუმი : _bბათუმის შოთა რუსთაველის სახ. უნ-ტი, _c2008. |
||
| 300 |
_a163 გვ. _b30 სმ. |
||
| 504 | _aბიბლიოგრ.: გვ. 143-163 | ||
| 653 | _aდისერტაცია | ||
| 653 | _aსოფლის მეურნეობა | ||
| 653 | _a წითელმიწა ნიადაგები საქართველოში | ||
| 653 | _aლიმონის ზრდა-განვითარება | ||
| 653 | _aმინერალური სასუქების გამოყენება სუბტროპიკული კულტურებისათვის | ||
| 653 | _aქიმიური მელიორანტების ხანგრძლივი გამოყენების შედარებითი ეფექტიანობა წითელმიწა ნიადაგების ნაყოფიერებაზე და ლიმონ "მეიერის" ხის მოსავლიანობაზე | ||
| 700 |
_aგოძიაშვილი, ბ. _eსამეცნიერო ხელმძღვანელი _910474 |
||
| 711 |
_aბათუმის შოთა რუსთაველის სახელმწიფო უნივერსიტეტი _910472 |
||
| 942 |
_cBK _2udc |
||